000
00331 a2200157 4500
001
192588
020
_a
0-7214-1554-2
040
_c
Magnum
100
_a
Daly, Audrey
240
1
0
_a
Beauty and the beast
_l
ING
245
1
0
_a
Beauty and the beast
300
_a
24
362
0
_a
1993
697
_a
LITERATURA INGLESA
942
_c
BK
999
_c
192588
_d
192588